| 000 | 00000nas 2200000za 4500 |
| 001 | 9.827475 |
| 003 | CaOODSP |
| 005 | 20221107144821 |
| 007 | cr ||||||||||| |
| 008 | 161114d19831984oncar p oss f0###b0fre|d |
| 022 | |y0828-993X |
| 040 | |aCaOODSP|bfre |
| 041 | |aeng|afre |
| 043 | |an-cn--- |
| 086 | 1 |aCS41-225-PDF |
| 245 | 00|aHeating equipment industry |h[ressource électronique] / |cStatistics Canada, Industry Division, Census of Manufactures Section = Industrie du matériel de chauffage / Statistique Canada, Division de l'industrie, Section du recensement des manufactures. |
| 246 | 11|aIndustrie du matériel de chauffage |
| 260 | |aOttawa : |bStatistics Canada = Statistique Canada, |c1985-1986. |
| 310 | |aAnnuel |
| 362 | 0 |a1983-1984. |
| 490 | 0 |aAnnual census of manufactures = Recensement annuel des manufactures |
| 500 | |aÉdition numérisée de l’imprimé [par Statistique Canada]. |
| 520 | |a« L'industrie du materiel de chauffage comprends les établissements dont l'activité principale est Ia fabrication de gros appareils de chauffage sauf les chaudières à pression. Parmi les produits secondaires des établissements de cette industrie figurent lea chauffe-eau domestiques, les climatiseurs, les appareils combines de chauffage et de refroidissement (sauf les pompes à chaleur), les ventilateurs (sauf d'usage industriel) et les chaudières de chauffage en acier »--Introduction, p. 7. |
| 546 | |aTexte en anglais et en français. |
| 580 | |aFusionné avec: Hardware, tool and cutlery industries; Wire and wire products industries; Ornamental and architectural metal products industries; Stamped, pressed and coated metal products industries; Other metal fabricating industries; Power boilers, heat exchanger and fabricated structural metal products industries; et, Machine shop industry, et devient: Fabricated metal products industries. |
| 692 | 07|2gccst|aChauffage |
| 692 | 07|2gccst|aÉquipment |
| 710 | 1 |aCanada. |bStatistique Canada. |bSection du recensement des manufactures. |
| 780 | 00|tHeating equipment manufacturers |w(CaOODSP)9.827473 |
| 785 | 00|tFabricated metal products industries |w(CaOODSP)9.827920 |
| 791 | |tHeating equipment industry |eeng|w(CaOODSP)9.827474 |